000 00721nam a2200229 a 4500
001 43440
003 BD-RjUL
005 20211209053710.0
008 160622s1965 cc a 100 0 eng
035 _a(BD-RjUL)43558
040 _aDLC
_cDLC
_dBD-RjUL
_beng
041 0 _aengfrespa
082 0 0 _a370
_223
_bPAP 1965
245 1 0 _aPapers presented at the 1964 Peking symposium :
_beducation, philology & literature /
260 _aPeking, China :
_bScientific and Technical Association of the People's Republic of China,
_c1965
300 _a390 p. :
_bill. ;
_c16 x 21 cm.
650 0 _aEducation.
_9133413
650 0 _aPhilology.
_9132921
650 0 _aLiterature.
_9133414
942 _2ddc
_cBK
999 _c43440
_d43440